Rubin's pathology : (Record no. 62206)
[ view plain ]
| 000 -الفاتح | |
|---|---|
| حقل البيانات ثابتة الطول | 02194cam a2200385 i 4500 |
| 005 - وقت وتاريخ اخر تعامل مع التسجيلة | |
| رقم الضبط | 20240530110538.0 |
| 008 - عناصر البيانات ثابتة الطول - معلومات عامة | |
| حقل البيانات ثابتة الطول | 140425s2015 paua b 001 0 eng |
| 010 ## - | |
| -- | 2014016625 |
| 020 ## - الرقم الدولى المعيارى للكتب | |
| الرقم الدولى المعيارى للكتاب | 9781451183900 (alk. paper) |
| 035 ## - رقم ضبط النظام | |
| رقم ضبط النظام | (DNLM)101631303 |
| 040 ## - مصدر الفهرسة | |
| وكالة الفهرسة الأصلية | DNLM/DLC |
| وكالة النسخ | DLC |
| قواعد الوصف | rda |
| وكالة التعديل | DLC |
| 042 ## - | |
| -- | pcc |
| 050 00 - | |
| -- | RB111 |
| -- | .E856 2015 |
| 060 10 - | |
| -- | QZ 4 |
| 082 00 - رقم تصنيف ديوى العشرى | |
| رقم الطبعة | 23 |
| رقم التصنيف | 616.07\ |
| رقم المادة | S R |
| 245 00 - بيان العنوان | |
| العنوان | Rubin's pathology : |
| بقية العنوان | clinicopathologic foundations of medicine / |
| بيان المسئوليه,etc | Editors, Raphael Rubin, M.D., Professor of Pathology, David S. Strayer, M.D., Ph.D., Professor of Pathology, Department of Pathology and Cell Biology, Jefferson Medical College of Thomas Jefferson University Philadelphia, Pennsylvania ; Founder and Consulting Editor, Emanuel Rubin, M.D., Gonzalo Aponte Distinguished Professor of Pathology, Chairman Emeritus of the Department of Pathology and Cell Biology, Jefferson Medical College of Thomas Jefferson University, Philadelphia, Pennsylvania; Associate Editors, Jeffrey E. Saffitz, MD, PhD, Mallinckrodt Professor of Medicine, Harvard Medical School, Chairman, Department of Pathology, Beth Israel Deacones Medical Center, Boston, Massachusetts, Alan L. Schiller, MD, Professor and Chairman, Department of Pathology, John A. Burns School of Medicine University of Hawaii, Honolulu, Hawaii. |
| 246 1# - العنوان الموازى | |
| عنوان صحيح/عنوان مختصر | Pathology : |
| بقية العنوان | clinicopathologic foundations of medicine |
| 250 ## - بيان الطبعة | |
| بيان الطبعة | Seventh edition. |
| 300 ## - الوصف المادى | |
| التعداد | xiii, 1602 pages : |
| تفاصيل ماديه اخرى للوعاء | color illustrations ; |
| أبعاد الوعاء | 29 cm |
| 504 ## - تبصرة ببليوجرافية | |
| تبصرة ببليوجرافية,الخ | Includes bibliographical references and index. |
| 650 12 - المدخل الاضافى بالموضوع-مصطلح موضوعى | |
| مصطلح موضوعي | Pathologic Processes. |
| 700 1# - المدخل الاضافى - اسم شخصى | |
| الإسم الشخصى | Strayer, David S. |
| الشكل الأكمل للاسم | (David Sheldon), |
| التواريخ المصاحبة للاسم | 1949- |
| الدور | editor. |
| 700 1# - المدخل الاضافى - اسم شخصى | |
| الإسم الشخصى | Rubin, Emanuel, |
| التواريخ المصاحبة للاسم | 1928- |
| الدور | editor. |
| 700 1# - المدخل الاضافى - اسم شخصى | |
| الإسم الشخصى | Saffitz, Jeffrey E., |
| الدور | editor. |
| 700 1# - المدخل الاضافى - اسم شخصى | |
| الإسم الشخصى | Schiller, Alan L., |
| الدور | editor. |
| 942 ## - عناصر المدخل الإضافي( كوها) | |
| مصدر التصنيف او مخطط الترفيف | Dewey Decimal Classification |
| Koha [default] item type | كتاب |
| 264 #1 - | |
| -- | Philadelphia : |
| -- | Wolters Kluwer Health, |
| -- | [2015] |
| 336 ## - | |
| -- | text |
| -- | rdacontent |
| 337 ## - | |
| -- | unmediated |
| -- | rdamedia |
| 338 ## - | |
| -- | volume |
| -- | rdacarrier |
| 906 ## - عنصر بيانات محلى F, LDF (RLIN) | |
| a | 7 |
| b | cbc |
| c | orignew |
| d | 1 |
| e | ecip |
| f | 20 |
| g | y-gencatlg |
| حالة التراجع | حالة الفقد | مصدر التصنيف او خطة الترفيف | حالة تلف | ليس للاعارة | المكان المؤقت | الموقع الحالى | تاريخ الاكتساب | اجمالي اﻻعارات | رقم الطلب | الباركود | تاريخ اخر مشاهدة | تاريخ تفعيل السعر | نوع وعاء كوها |
|---|---|---|---|---|---|---|---|---|---|---|---|---|---|
| ddc | مكتبة القاهرة الكبرى | مكتبة القاهرة الكبرى | 05/03/2016 | 616.07\ S R | 161863 | 05/03/2016 | 05/03/2016 | كتاب |

